000 00602nam a2200241Ia 4500
001 916
003 GE_BSU
008 181216s||||||||xx |||||||||||||| ||und||
020 _a9856577284
040 _cGE_BSU
080 _a811.162.1
100 _aКиклевич,А.К.;Кожинова,А.А.
245 _aПольский язык
245 _bПрактический курс
250 _a2-е изд-е
260 _aМинск
260 _bТетраСистем
260 _c2001
300 _a319стр.
541 _h7л.
653 _aПольский язык
942 _cBK
999 _c35075
_d35075